000 00469nam a22001937a 4500
003 MPLRDC
005 20220104123524.0
008 210129b ||||| |||| 00| 0 eng d
020 _a957-33-1979-3
082 _a229.386 WJR
100 _a王静蓉编著
245 _a本来面目
_c
250 _a二刷
260 _a
_b皇冠出版社
_c1994
300 _b
490 _a心的经典. 8
650 _a佛教传记--僧伽传记
942 _cBK
_o229.386 WJR
999 _c12084
_d12074